000 00683nam a2200265Ia 4500
003 OSt
005 20221007110554.0
006 a|||||r|||| 00| 0
007 ta
008 221006b |||||||| |||| 00| 0 eng d
020 _a0023135204
024 _a21,365
037 _cTextual
040 _aLCO
_cLCO
_beng
041 _2eng
_aeng
082 _aY:45, M4
100 _aPaul
_9212264
245 0 _aPatterns in Crime
260 _aNew
_bYork Macmillian Publishing Company U.K.
_c1984
300 _a403
650 _aCRIME
700 _a Brantingham Patricia
_9707657
942 _hY:45, M4
_cTEXL
999 _c1190928
_d1190928